000 01405cam a2200349 a 4500
999 _c129774
_d129774
001 12690950
003 ARRUPE
005 20190903111143.0
008 011024s2000 mz l f000 0 eng
010 _a 2001312040
035 _a(DLC) 2001312040
040 _aDLC
_cDLC
_dDLC
041 0 _aengpor
042 _alcode
043 _af-mz---
050 0 0 _aKSX1194.A31 2016
_bA4 2000
082 0 0 _a346.67904/8/02632
_221
110 1 _aMozambique.
_947989
245 1 0 _aIndustrial property code of Mozambique :
_bElio Teixeira and Carlos Martins
246 3 1 _acodigo da propriedade industrial de Mocambique:
_bapproved by Decree no. 18/99 of May 4
260 _aMozambique :
_bAdams and Adams
_c2016.
300 _a67p. ;
_c21 cm.
546 _aEnglish and Portuguese.
650 0 _aIndustrial property
_zMozambique.
_947990
650 0 _aPatent laws and legislation
_zMozambique.
_947991
650 0 _aTrademarks
_xLaw and legislation
_zMozambique.
_947992
710 1 _aMozambique.
_bMinistério da Indústria e Comércio.
_947993
906 _a7
_bcbc
_corigode
_d2
_encip
_f20
_gy-gencatlg
942 _2lcc
_cMONOGRAPH